[Event "TCh-NED Playoffs"]
[Site "Breda NED"]
[Date "2001.05.25"]
[Round "2"]
[White "Gurevich,M"]
[Black "Carlier,B"]
[Result "1-0"]
[WhiteElo "2688"]
[BlackElo "2392"]

1.c4 g6 2.Nc3 Bg7 3.g3 e5 4.Bg2 d6 5.e3 f5 6.d3 Nf6 7.Nge2 O-O 8.O-O a5 9.b3 c6
10.Ba3 Na6 11.Qd2 Rb8 12.Rac1 Re8 13.Rfd1 Nc7 14.Na4 b5 15.cxb5 cxb5 16.Qxa5 Ncd5
17.Qxd8 Rxd8 18.e4 Ne7 19.d4 Nxe4 20.dxe5 Bxe5 21.f4 Bg7 22.Bxe4 fxe4 23.Rxd6 Re8
24.Rb6 Rxb6 25.Nxb6 Bg4 26.Kf1 Nf5 27.Bc5 Rd8 28.Ke1 Nd4 29.Bxd4 Bxd4 30.Nxd4 Rxd4
31.Kf2 Rd3 32.Re1 Rd2+ 33.Ke3 Rxa2 34.Kxe4 Rxh2 35.Ke5 Rh5+ 36.Kd6 Rh3 37.Re3 h5
38.Nd5 Bf5 39.b4 Rh1 40.Ne7+ Kf7 41.Nxf5 gxf5 42.Kc5 Rh3 43.Kxb5 h4 44.Re5 Rxg3
45.Rxf5+ Kg6 46.Rf8 Kh5 47.f5 Kg4 48.f6 Kf5 49.f7 Rg7 50.Rh8 Rxf7 51.Rxh4 Ke5
52.Rh8 Kd6 53.Rc8 Rb7+ 54.Ka5 Kd7 55.Rc1 Rb8 56.b5  1-0

[Event "2nd IECC"]
[Site "Ohrid MKD"]
[Date "2001.06.03"]
[Round "3"]
[White "Gurevich,M"]
[Black "Basagic,Z"]
[Result "1/2-1/2"]
[WhiteElo "2688"]
[BlackElo "2345"]

1.d4 g6 2.c4 Bg7 3.e4 d6 4.Nc3 c6 5.Nf3 Bg4 6.Be3 a6 7.Be2 Nd7 8.O-O e5 9.d5 c5
10.Rb1 a5 11.a3 Bxf3 12.Bxf3 Bh6 13.Bxh6 Nxh6 14.Qd2 g5 15.Bd1 O-O 16.Ba4 Nb6
17.Bb5 f5 18.b4 axb4 19.axb4 cxb4 20.Rxb4 f4 21.f3 g4 22.Rfb1 Kh8 23.Kh1 Rg8
24.Ba4 Nxa4 25.Nxa4 gxf3 26.gxf3 Qh4 27.c5 Qh3 28.Qe2 Rg3 29.Qf1 Qh5 30.c6 Rxf3
31.Qg1 Rg3 32.Qd1 Ng4 33.R4b2 f3 34.cxb7 Rb8 35.Qc2 f2 36.Qc8+ Kg7 37.Qd7+ Kh8
38.Qc8+ Kg7 39.Qd7+ Kh8  1/2-1/2

[Event "2nd IECC"]
[Site "Ohrid MKD"]
[Date "2001.06.07"]
[Round "7"]
[White "Burmakin,V"]
[Black "Gurevich,M"]
[Result "0-1"]
[WhiteElo "2522"]
[BlackElo "2688"]

1.d4 d5 2.Nf3 Nf6 3.c4 c6 4.e3 Bg4 5.Nc3 e6 6.Qb3 Qc7 7.Ne5 Bf5 8.Bd2 Nbd7
9.f4 Be7 10.Be2 O-O 11.O-O Ne4 12.Nxe4 Bxe4 13.Nxd7 Qxd7 14.Bb4 b6 15.Bxe7 Qxe7
16.Rac1 c5 17.cxd5 exd5 18.Qa3 Rac8 19.Rc3 Rc6 20.Bf3 Bxf3 21.Rxf3 Qc7 22.dxc5 bxc5
23.Rf1 h6 24.Rd1 Rd8 25.Rcd3 d4 26.Qa4 Rcd6 27.Qa3 Qb6 28.g3 Re8 29.exd4 cxd4
30.Qb3 Qc5 31.Qa3 Qd5 32.Qb3 Qc5 33.Qa3 Qc6 34.R3d2 d3 35.Rf2 Re3 36.Qc3 Qd5
37.Qb3 Qd4 38.Qc3 Qa4 39.Qc8+ Kh7 40.Qf5+ Kg8 41.Qc8+ Re8 42.b3 Qe4 43.Qc3 Red8
44.Qe5 Qc6 45.Qe3 d2 46.Qxa7 Ra8 47.Qe3 Re8 48.Qxd2 Rxd2 49.Rfxd2 Kh7 50.Kf2 Qb6+
51.Kg2 Re3 52.Rf2 Qc6+ 53.Kg1 g6 54.Rdf1 Qe4 55.Rd1 Kg7 56.Rdf1 h5 57.Rd1 Kh6
58.Rdf1 Qd5 59.Rc1 Rd3 60.Rcf1 Kg7 61.Re1 Kf6 62.Rfe2 Rd2 63.Kf2 Qd4+ 64.Kf3 Qd5+
65.Kf2 Qc5+ 66.Kf3 Qc6+ 67.Kf2 Qb6+ 68.Kf3 Qb7+ 69.Ke3 Rd6 70.Kf2 Ra6 71.Ra1 Qb6+
72.Kg2 Qc6+ 73.Kf2 Qc5+ 74.Kg2 Qd5+ 75.Kh3 Re6 76.Rf2 Re3 77.Raf1 Qe4 78.Rd1 Kg7
79.Rdd2 Re1  0-1

[Event "2nd IECC"]
[Site "Ohrid MKD"]
[Date "2001.06.11"]
[Round "10"]
[White "Gurevich,M"]
[Black "Psakhis,L"]
[Result "0-1"]
[WhiteElo "2688"]
[BlackElo "2575"]

1.d4 e6 2.c4 Nf6 3.Nc3 Bb4 4.Qc2 O-O 5.a3 Bxc3+ 6.Qxc3 d6 7.Bg5 Nbd7 8.f3 d5
9.e3 c6 10.Bd3 Re8 11.Ne2 h6 12.Bh4 e5 13.cxd5 Nxd5 14.Bxd8 Nxc3 15.bxc3 Rxd8
16.Kf2 c5 17.Rac1 b6 18.Rhd1 Bb7 19.Bb5 cxd4 20.cxd4 exd4 21.Nxd4 Nc5 22.Nf5 Rxd1
23.Rxd1 Kf8 24.g4 a6 25.Bc4 b5 26.Be2 Re8 27.Rd6 Rc8 28.h4 Bc6 29.Nd4 Bd7
30.Rd5 Ke7 31.Nf5+ Bxf5 32.gxf5 Na4 33.Rd3 Rc2 34.Ke1 Nc3 35.Bf1 a5 36.Rd2 Rxd2
37.Kxd2 Nb1+ 38.Kd3 Nxa3 39.Kd4 Nc2+ 40.Kd3 Ne1+ 41.Ke2 a4  0-1

[Event "ch-BEL"]
[Site "Charleroi BEL"]
[Date "2001.07.07"]
[Round "1"]
[White "Claesen,J"]
[Black "Gurevich,M"]
[Result "0-1"]
[WhiteElo "2273"]
[BlackElo "2633"]

1.d4 Nf6 2.Nf3 e6 3.Nbd2 c5 4.e4 d5 5.exd5 exd5 6.Bb5+ Bd7 7.Qe2+ Be7 8.Bxd7+ Nbxd7
9.Qb5 Qc7 10.dxc5 a6 11.Qe2 O-O 12.Nb3 Rfe8 13.O-O Bxc5 14.Qd3 Ba7 15.Bg5 Re4
16.c3 Rae8 17.Nbd4 Ng4 18.h3 Ngf6 19.Rad1 h6 20.Bxf6 Nxf6 21.Rd2 g6 22.Nc2 Bc5
23.Ncd4 Nh5 24.Ne2 Kg7 25.Nfd4 Ba7 26.Ng3 Nf4 27.Qf3 Bxd4 28.cxd4 R4e6 29.Qg4 h5
30.Qd1 h4 31.Rc2 Qd6 32.Nh1 Ne2+  0-1

[Event "ch-BEL"]
[Site "Charleroi BEL"]
[Date "2001.07.10"]
[Round "4"]
[White "Gurevich,M"]
[Black "Cekro,E"]
[Result "1-0"]
[WhiteElo "2633"]
[BlackElo "2393"]

1.d4 Nf6 2.c4 e6 3.Nc3 Bb4 4.Qc2 b6 5.a3 Bxc3+ 6.Qxc3 Bb7 7.Bg5 c5 8.dxc5 bxc5
9.e3 a5 10.f3 d6 11.Nh3 Nbd7 12.Be2 h6 13.Bf4 Qc7 14.Rd1 Ra6 15.Bg3 a4 16.Rd2 O-O
17.O-O Rb8 18.Rfd1 e5 19.Rc1 Bc8 20.Bd1 Nf8 21.Nf2 Nh5 22.Bc2 f5 23.Re1 Qf7
24.Red1 Rbb6 25.Nd3 Nxg3 26.hxg3 Be6 27.Nf2 Nd7 28.f4 e4 29.g4 Nf6 30.gxf5 Bxf5
31.Rb1 Qb7 32.Bd1 h5 33.Nh3 Bxh3 34.gxh3 Ra8 35.Kh2 Kf8 36.Bc2 Qe7 37.Rg1 Rb7
38.Rg5 Qc7 39.Rf5 Qe7 40.Rg2 Qe6 41.Rfg5 Rf7 42.Bd1 Rb7 43.Bxh5 Nxh5 44.Qc1 Rb3
45.Rxh5 Ra7 46.Rh8+ Kf7 47.Rh5 Kg8 48.Qd1 Kf7 49.Rh8  1-0

[Event "ch-BEL"]
[Site "Charleroi BEL"]
[Date "2001.07.11"]
[Round "5"]
[White "Van Mechelen,J"]
[Black "Gurevich,M"]
[Result "0-1"]
[WhiteElo "2260"]
[BlackElo "2633"]

1.c4 Nf6 2.g3 e5 3.Bg2 d5 4.cxd5 Nxd5 5.Nf3 Nc6 6.O-O Nb6 7.d3 Be7 8.Nbd2 Be6
9.a3 a5 10.b3 O-O 11.Bb2 f6 12.Qc2 Qd7 13.e3 Bf5 14.Ne4 Rfd8 15.d4 exd4 16.Nxd4 Nxd4
17.Bxd4 Nd5 18.Qb2 Bh3 19.Bxh3 Qxh3 20.Rac1 Qe6 21.Nd2 Bd6 22.Rfe1 Ne7 23.Nc4 Nc6
24.Nxd6 Rxd6 25.Bc3 Rad8 26.Qc2 h5 27.h4 b6 28.Red1 Ne7 29.b4 axb4 30.axb4 Kf7
31.Rxd6 Rxd6 32.Qe2 Qg4 33.Kf1 Rc6 34.e4 Re6 35.Bd2 c6 36.Qxg4 hxg4 37.Be3 b5
38.Bc5 Ng6 39.Re1 Ne5 40.Re3 Nc4 41.e5 Rxe5 42.Re2 Re4 43.Rxe4 Nd2+ 44.Ke2 Nxe4
45.Bd4 Ke6 46.Kd3 c5 47.bxc5 Kd5 48.Be3 Nxc5+ 49.Kc3 Na6 50.Kb3 Ke4 51.Kc3 Nb4
52.Bc5 Nd5+ 53.Kb3 g6  0-1

[Event "ch-BEL"]
[Site "Charleroi BEL"]
[Date "2001.07.13"]
[Round "7"]
[White "Meessen,R"]
[Black "Gurevich,M"]
[Result "0-1"]
[WhiteElo "2323"]
[BlackElo "2633"]

1.e4 e6 2.d4 d5 3.e5 c5 4.c3 Nc6 5.Nf3 Bd7 6.Be2 Nge7 7.O-O Ng6 8.g3 f6 9.Bd3 cxd4
10.cxd4 Nb4 11.Be2 fxe5 12.Nxe5 Nxe5 13.dxe5 Bc5 14.a3 Nc6 15.Bh5+ g6 16.Bh6 Qe7
17.Qc1 gxh5 18.Bf8 Qf7 19.Bg7 Nd4 20.Bh6 Qf8 21.Bxf8 Ne2+ 22.Kg2 Nxc1 23.Bg7 Nb3
24.Bxh8 Nxa1 25.Nc3 Nb3 26.Nb1 Na1 27.Nd2 Nc2 28.Rc1 Ne3+ 29.fxe3 Bxe3 30.Rc2 Rc8
31.Rxc8+ Bxc8 32.Nf1 Bc1  0-1

[Event "ch-BEL"]
[Site "Charleroi BEL"]
[Date "2001.07.14"]
[Round "8"]
[White "Gurevich,M"]
[Black "Dgebuadze,A"]
[Result "1-0"]
[WhiteElo "2633"]
[BlackElo "2547"]

1.d4 e6 2.c4 Nf6 3.Nf3 Bb4+ 4.Nbd2 b6 5.a3 Bxd2+ 6.Qxd2 Bb7 7.e3 d6 8.Be2 Nbd7
9.O-O h6 10.b4 a5 11.Bb2 O-O 12.Qc2 Qe7 13.Nd2 c5 14.dxc5 dxc5 15.b5 e5 16.f3 Rfd8
17.Rfd1 Nf8 18.Nf1 Ng6 19.Ng3 Rxd1+ 20.Rxd1 Rd8 21.Nf5 Qc7 22.Re1 Qd7 23.Bc3 Qe6
24.Ng3 h5 25.Rd1 Rxd1+ 26.Qxd1 h4 27.Qd8+ Kh7 28.Nf1 h3 29.g3 Qf5 30.e4 Bxe4
31.fxe4 Qxe4 32.Kf2 Qf5+ 33.Ke1 Ne4 34.Qd3 Qf2+ 35.Kd1 Nxc3+ 36.Qxc3 e4 37.Qe3 Qf6
38.Ke1 Qa1+ 39.Kf2 f5 40.Qg5  1-0

[Event "ch-BEL"]
[Site "Charleroi BEL"]
[Date "2001.07.15"]
[Round "9"]
[White "Claesen,P"]
[Black "Gurevich,M"]
[Result "0-1"]
[WhiteElo "2411"]
[BlackElo "2633"]

1.c4 f5 2.d4 Nf6 3.Nc3 d6 4.Bg5 Nbd7 5.Qc2 g6 6.e4 fxe4 7.Nxe4 Bg7 8.Ng3 c5
9.h4 cxd4 10.O-O-O Qa5 11.Rxd4 Qxa2 12.Rd3 Qa1+ 13.Kd2 Ng4 14.Be2 Nxf2 15.Re3 Qa5+
16.Kc1 Ne5  0-1

[Event "Weekender"]
[Site "Zwolle NED"]
[Date "2002.03.09"]
[Round "3"]
[White "Werle,J"]
[Black "Gurevich,M"]
[Result "0-1"]
[WhiteElo "2481"]
[BlackElo "2641"]

1.Nf3 d5 2.d4 Nf6 3.c4 e6 4.Nc3 Nbd7 5.Bg5 c6 6.e3 Qa5 7.Qb3 Ne4 8.Bh4 Bb4
9.Rc1 Nb6 10.Bd3 dxc4 11.Bxc4 Nxc4 12.Qxc4 Nd6 13.Qb3 b6 14.a3 Bxc3+ 15.Qxc3 Qxc3+
16.Rxc3 Bb7 17.Ne5 f6 18.Nxc6 Kd7 19.Nb4 Rhc8 20.Na2 Nc4 21.b4 g5 22.Bg3 Bxg2
23.Rg1 Bf3 24.e4 Bxe4 25.Ke2 Bd5 26.Rgc1 f5 27.f3 f4 28.Bf2 b5 29.Rg1 h6
30.Nc1 Nxa3  0-1

[Event "Weekender"]
[Site "Zwolle NED"]
[Date "2002.03.09"]
[Round "4"]
[White "Gurevich,M"]
[Black "Kabatianski,A"]
[Result "1-0"]
[WhiteElo "2641"]
[BlackElo "2452"]

1.d4 Nf6 2.c4 e6 3.Nc3 Bb4 4.Qc2 O-O 5.a3 Bxc3+ 6.Qxc3 d6 7.Bg5 Nbd7 8.e3 b6
9.f3 c5 10.dxc5 bxc5 11.Bd3 Qb6 12.Ne2 a5 13.O-O Ba6 14.Rfd1 Rfe8 15.Rd2 d5
16.Rc1 Rac8 17.Bh4 Bb7 18.Bb1 h6 19.Ba2 Ba8 20.Bf2 Qc7 21.Rcd1 Bc6 22.Bg3 Qb6
23.Kh1 Ba4 24.Rc1 Bc6 25.Qc2 Qa7 26.Bf2 Qb7 27.Bg3 Qb6 28.Qd1 Qb7 29.Kg1 Kh8
30.Qc2 Kg8 31.Bh4 Qb8 32.Qc3 Qa8 33.Rdd1 Bb7 34.Be1 a4 35.Bh4 Qa7 36.Qd2 Bc6
37.Qc3 Qb7 38.Qd2 Qa8 39.cxd5 Bxd5 40.Bxd5 Nxd5 41.e4 N5b6 42.Qc3 Qa6 43.Nf4 Qb5
44.Nh5 f6 45.Bf2 Rc6 46.Nf4 Ne5 47.Nd3 Nxd3 48.Rxd3 Rec8 49.h3 Kf7 50.Qc2 R8c7
51.Rc3 c4 52.Bg3 e5 53.Bf2 Nd7 54.Rd1 Nf8 55.Rd5 Qa6 56.Qd2 Qb7 57.Be3 Ne6
58.Kf2 Ke7 59.Rc2 Qb3 60.Qb4+ Qxb4 61.axb4 c3 62.Ra5 cxb2 63.Rxb2 Rc2+ 64.Rxc2 Rxc2+
65.Kg3 Rc3 66.Kf2 a3 67.b5 Nd4 68.b6 Rb3 69.Ra7+ Ke6 70.b7 Rb2+ 71.Kg3 a2
72.Ra6+ Kd7 73.Ra7 Ke6 74.Rxa2 Rxb7 75.Ra6+ Ke7 76.Kg4 Rd7 77.h4 Kf7 78.h5 Ne6
79.g3 Nd4 80.f4 exf4 81.gxf4 Nc2 82.Bc5 Nd4 83.Rb6 Ne6 84.Be3 Nc7 85.Rb7 Re7
86.Bc5 Rd7 87.Bb6  1-0

[Event "Weekender"]
[Site "Zwolle NED"]
[Date "2002.03.10"]
[Round "6"]
[White "Gurevich,M"]
[Black "Lalic,B"]
[Result "1/2-1/2"]
[WhiteElo "2641"]
[BlackElo "2523"]

1.c4 Nf6 2.Nc3 e5 3.g3 Bb4 4.Bg2 O-O 5.Nf3 Nc6 6.O-O e4 7.Ne1 Bxc3 8.dxc3 h6
9.Nc2 Re8 10.Ne3 d6 11.Qc2 a5 12.Bd2 Be6 13.Rad1 Qc8 14.Rfe1 Bh3 15.Bh1 Qe6
16.Bc1 Ne7 17.Qd2 b6 18.b3  1/2-1/2

[Event "XX Open"]
[Site "Metz FRA"]
[Date "2002.04.14"]
[Round "2"]
[White "Roumegous,M"]
[Black "Gurevich,M"]
[Result "0-1"]
[WhiteElo "2201"]
[BlackElo "2641"]

1.d4 d6 2.c4 f5 3.Nc3 Nf6 4.Nf3 g6 5.g3 Bg7 6.Bg2 O-O 7.O-O Nc6 8.d5 Na5
9.Nd2 c5 10.Qc2 e5 11.dxe6 Bxe6 12.b3 Nc6 13.Bb2 Nd4 14.Qd1 d5 15.Rc1 b6
16.a3 Rc8 17.Ba1 dxc4 18.bxc4 Rf7 19.e3 Nc6 20.Ncb1 Ng4 21.Bxg7 Kxg7 22.Qc2 Na5
23.Qc3+ Qf6 24.h3 Qxc3 25.Rxc3 Ne5 26.Rfc1 Rd8 27.Bf1 Rfd7 28.f4 Nf7 29.R3c2 Nd6
30.Kf2 Ne8 31.Be2 Nf6 32.Bf3 Rd3 33.Be2 R3d6 34.Bf3 Bd7 35.Ke2 Be8 36.Rc3 Bf7
37.g4 h6 38.Rg1 Kf8 39.Rgc1 Be6 40.Rg1 Bc8 41.Ke1 Be6 42.Ke2 Bf7 43.Rgc1 Bg8
44.Rg1 Be6 45.Ke1 fxg4 46.hxg4 g5 47.f5 Bf7 48.Be2 R6d7 49.Bf3 Re7 50.Kf2 Be8
51.Nf1 Bc6 52.Nbd2 Bxf3 53.Kxf3 Nc6 54.Ke2 Ne5 55.Nh2 Rxd2+ 56.Kxd2 Ne4+
57.Kc2 Rd7 58.Nf1 Nxc3 59.Kxc3 Rd3+ 60.Kc2 Rxa3 61.Rg3 Nxc4 62.Rh3 Kg7  0-1

[Event "XX Open"]
[Site "Metz FRA"]
[Date "2002.04.15"]
[Round "3"]
[White "Gurevich,M"]
[Black "Bagaturov,G"]
[Result "1/2-1/2"]
[WhiteElo "2641"]
[BlackElo "2445"]

1.d4 Nf6 2.c4 e6 3.Nc3 Bb4 4.Qc2 c5 5.dxc5 O-O 6.a3 Bxc5 7.Nf3 Nc6 8.Bg5 h6
9.Bh4 b6 10.e3 Bb7 11.Be2 Be7 12.O-O Rc8 13.Rfd1 Na5 14.b3 a6 15.Qb2 Qc7
16.Rac1 Rfd8 17.Bg3 d6 18.Nd2 Qb8 19.b4 Nc6 20.c5 bxc5 21.bxc5 Qa7 22.cxd6 Bxd6
23.Bxd6 Rxd6 24.Nc4 Rxd1+ 25.Rxd1 Rc7 26.h3 Qc5 27.Nd6 Na5 28.Na4 Qc6 29.Nxb7 Rxb7
30.Rd8+ Ne8 31.Qd4 Rb1+ 32.Kh2 Nb7 33.Rb8 Kf8 34.Nc5 Qc7+ 35.f4 Ke7 36.Nxa6 Qc1
37.Nb4 Nbd6 38.Bd3 Qg1+ 39.Kg3 Nf5+ 40.Bxf5 Qe1+ 41.Kf3 Qf1+ 42.Kg3 Qe1+
43.Kg4 exf5+ 44.Kxf5 Nd6+ 45.Ke5 f6+ 46.Kd5 Rd1 47.Nc6+ Kd7 48.Rd8+ Kc7 49.Rxd6 Rxd4+
50.Nxd4 Qxe3 51.Ne6+ Kb8 52.Rd8+ Ka7 53.Rd7+ Kb6 54.Rxg7 Qd2+ 55.Nd4 Qa2+
56.Ke4 Qb1+ 57.Ke3 Qg1+ 58.Kd3 Qd1+ 59.Ke4 Qb1+ 60.Kd5 Qa2+ 61.Ke4  1/2-1/2

[Event "XX Open"]
[Site "Metz FRA"]
[Date "2002.04.18"]
[Round "6"]
[White "Zagrebelny,S"]
[Black "Gurevich,M"]
[Result "0-1"]
[WhiteElo "2503"]
[BlackElo "2641"]

1.e4 e6 2.d4 d5 3.Nd2 c5 4.Ngf3 a6 5.exd5 exd5 6.Be2 c4 7.O-O Bd6 8.Re1 Ne7
9.b3 cxb3 10.axb3 Nbc6 11.Nf1 O-O 12.Ne3 h6 13.c3 Be6 14.Bd3 Qd7 15.Ra2 Ng6
16.Bxg6 fxg6 17.Ba3 Bxa3 18.Rxa3 g5 19.Ra2 Rae8 20.Ne5 Nxe5 21.dxe5 Qc6 22.Qd3 Rc8
23.Rc2 Kh8 24.h3 Bg8 25.Rcc1 Rf4 26.f3 Qb6 27.Kh1 Rd8 28.Nc2 Bh7 29.Qd2 Qxb3
30.Nd4 Qb6 31.e6 Re8 32.Re5 Qd6 33.Re3 Re7 34.Rce1 b5 35.Qa2 b4 36.Qb2 Qb8  0-1

[Event "XX Open"]
[Site "Metz FRA"]
[Date "2002.04.19"]
[Round "7"]
[White "Gurevich,M"]
[Black "Delchev,A"]
[Result "1-0"]
[WhiteElo "2641"]
[BlackElo "2591"]

1.d4 Nf6 2.c4 e6 3.Nc3 Bb4 4.e3 O-O 5.Ne2 d5 6.a3 Be7 7.cxd5 exd5 8.g3 Re8
9.Bg2 c6 10.O-O Nbd7 11.b4 Nb6 12.f3 a5 13.Rb1 Nc4 14.Qd3 b5 15.e4 g6 16.h3 h5
17.Qd1 Nh7 18.Nf4 h4 19.g4 Bg5 20.Nce2 axb4 21.axb4 Ra2 22.Nc3 Ra7 23.e5 f6
24.Nxg6 Be3+ 25.Bxe3 Nxe3 26.Qd3 Nxf1 27.Rxf1 Rg7 28.f4 Be6 29.f5 Bf7 30.Ne2 fxe5
31.Nxe5 Qd6 32.Qc3 Nf6 33.Nf4 Ne4 34.Qb2 Ra8 35.Nfd3 Be8 36.Qc1 Qf6 37.Nf3 Ng3
38.Re1 Re7 39.Nde5 Ra2 40.Kh2 Qg7 41.Nxh4 Ne2 42.Qe3 Rxe5 43.dxe5 d4 44.Qe4 d3
45.Nf3 Qf7 46.Qe3 Qc4 47.Rd1 Qxb4 48.Rxd3 Qf4+ 49.Qxf4 Nxf4 50.Rd2 Rxd2 51.Nxd2 Nxg2
52.Kxg2 c5 53.Kf2 b4 54.Ke3 Ba4 55.e6 Bc2 56.Nc4 Kg7 57.Kd2 Bb3 58.Ne5 c4
59.Nc6 c3+ 60.Ke3  1-0

[Event "Rapid Match Rapid"]
[Site "Korinthos GRE"]
[Date "2002.05.14"]
[Round "4"]
[White "Banikas,H"]
[Black "Gurevich,M"]
[Result "0-1"]
[WhiteElo "2523"]
[BlackElo "2641"]

1.d4 Nf6 2.c4 e6 3.Nf3 d5 4.Bg5 h6 5.Bh4 dxc4 6.Qa4+ Nbd7 7.Nc3 a6 8.e4 b5
9.Nxb5 axb5 10.Qxa8 Bb4+ 11.Ke2 O-O 12.a3 Nb6 13.Qa7 Be7 14.Bg3 Na4 15.Bxc7 Qe8
16.Nd2 Qc6 17.f3 Bb7 18.Be5 Nd7 19.Bf4 Ra8 20.d5 exd5 21.Qd4 Re8 22.Qxd5 Qxd5
23.exd5 Bg5+  0-1

[Event "3rd IECC"]
[Site "Batumi GEO"]
[Date "2002.06.12"]
[Round "1"]
[White "Gurevich,M"]
[Black "Gashimov,V"]
[Result "1-0"]
[WhiteElo "2641"]
[BlackElo "2470"]

1.Nf3 Nf6 2.c4 e6 3.Nc3 d5 4.d4 Bb4 5.Qa4+ Nc6 6.e3 O-O 7.Bd2 Re8 8.a3 Bf8
9.Rd1 a6 10.Be2 dxc4 11.Bxc4 Bd6 12.Qc2 h6 13.Ne2 Qe7 14.Nf4 Bxf4 15.exf4 Rd8
16.O-O Nd5 17.Ba2 Qd6 18.Bb1 f5 19.Ba2 b6 20.Rfe1 Bb7 21.Qd3 Re8 22.b4 Kh8
23.Bc4 b5 24.Bb3 Rad8 25.h3 Nf6 26.Be3 Ne7 27.Ne5 Kg8 28.d5 Nd7 29.dxe6 Nxe5
30.Qxd6 cxd6 31.fxe5 d5 32.f4 Ng6 33.Bb6 Rc8 34.g3 Rxe6 35.Rxd5 Bxd5 36.Bxd5 Kf7
37.Rd1 Nf8 38.Bc5 Rd8 39.Bd6 Ke8 40.Bb7 Kf7 41.Bxa6 Ra8 42.Bxb5 Rxa3 43.Bc4 Rxg3+
44.Kf2 Rc3 45.Bd5 Ng6 46.Rd4 Nh4 47.b5 Rc2+ 48.Kf1 Rc1+ 49.Ke2 Rb1 50.Rb4 Rxb4
51.Bxb4 g5 52.b6 Ng6 53.Bxe6+ Kxe6 54.b7 Nxf4+ 55.Kf1  1-0

[Event "3rd IECC"]
[Site "Batumi GEO"]
[Date "2002.06.13"]
[Round "2"]
[White "Delchev,A"]
[Black "Gurevich,M"]
[Result "0-1"]
[WhiteElo "2550"]
[BlackElo "2641"]

1.e4 e6 2.d4 d5 3.e5 c5 4.c3 Nc6 5.Nf3 Bd7 6.Be2 Nge7 7.Na3 cxd4 8.cxd4 Nf5
9.Nc2 Qb6 10.O-O a5 11.b3 Nb4 12.Ne3 Be7 13.Nxf5 exf5 14.a3 Nc6 15.Bb2 O-O
16.Ne1 Rfc8 17.f4 Rc7 18.g3 g6 19.Ng2 Be6 20.Ne3 h5 21.h3 Kg7 22.g4 hxg4
23.hxg4 fxg4 24.Bxg4 Rh8 25.Rf3 Bd8 26.Rg3 Kf8 27.Qd3 Ne7 28.Rf1 a4 29.b4 Bxg4
30.Rxg4 Qe6 31.f5 gxf5 32.Nxf5 Nxf5 33.Rxf5 Rh5 34.Rff4 Bg5 35.Qg3 Bxf4 36.Rg8+ Ke7
37.Qxf4 Qh6  0-1

[Event "3rd IECC"]
[Site "Batumi GEO"]
[Date "2002.06.18"]
[Round "7"]
[White "Gurevich,M"]
[Black "Riazantsev,A"]
[Result "1-0"]
[WhiteElo "2641"]
[BlackElo "2527"]

1.c4 Nf6 2.Nc3 e6 3.d4 Bb4 4.Qc2 c5 5.dxc5 O-O 6.a3 Bxc5 7.Nf3 Nc6 8.Bf4 b6
9.e3 Bb7 10.Be2 Be7 11.Rd1 Rc8 12.O-O Na5 13.b3 d5 14.Qb2 Qe8 15.cxd5 Nxd5
16.Bb5 Qd8 17.Nxd5 exd5 18.Be5 f6 19.Bg3 Bd6 20.Nd4 Bxg3 21.hxg3 Qe7 22.Rc1 Qe5
23.Qe2 Rxc1 24.Rxc1 Rc8 25.Rxc8+ Bxc8 26.b4 Nb7 27.Qc2 Qb8 28.Bd3 g6 29.Bxg6 hxg6
30.Qxg6+ Kf8 31.Qxf6+ Ke8 32.Qh8+ Kd7 33.Qg7+ Ke8 34.Qg8+ Kd7 35.Qf7+  1-0

[Event "3rd IECC Playoff"]
[Site "Batumi GEO"]
[Date "2002.06.27"]
[Round "1.2"]
[White "Gurevich,M"]
[Black "Gagunashvili,M"]
[Result "1-0"]
[WhiteElo "2641"]
[BlackElo "2472"]

1.c4 e5 2.g3 Nc6 3.Bg2 g6 4.Nc3 Bg7 5.Rb1 a5 6.d3 d6 7.e3 f5 8.Nge2 Nf6 9.b3 O-O
10.Bb2 Be6 11.Nd5 Qd7 12.O-O h6 13.Qd2 Kh7 14.Rbe1 Rae8 15.Nec3 b6 16.Nb5 Rc8
17.Nxf6+ Bxf6 18.Bxc6 Qxc6 19.Na7 Qf3 20.Nxc8 f4 21.Qe2 Qxe2 22.Rxe2 f3 23.Rd2 Bxc8
24.d4 e4 25.Rc1 Be7 26.c5 dxc5 27.dxc5 Bxc5 28.Bd4 Rd8 29.Rdc2 Bxd4 30.Rxc7+ Bg7
31.Rxc8 Rd2 32.R8c2 Rd7 33.Rc4 Rd2 34.Rxe4 Rxa2 35.h4 g5 36.h5 b5 37.Re7 a4
38.bxa4 b4 39.Rcc7  1-0

[Event "25th Open"]
[Site "Ghent BEL"]
[Date "2002.07.22"]
[Round "6"]
[White "Gurevich,M"]
[Black "Vanderstricht,G"]
[Result "1-0"]
[WhiteElo "2649"]
[BlackElo "2404"]

1.c4 e6 2.Nc3 d5 3.d4 Be7 4.Nf3 Nf6 5.cxd5 exd5 6.Bg5 c6 7.Qc2 O-O 8.e3 Re8
9.Bd3 Nbd7 10.O-O Nf8 11.Rae1 Ne4 12.Bxe7 Qxe7 13.Ne5 f6 14.Nf3 Bg4 15.Nd2 Nxd2
16.Qxd2 Bh5 17.Rb1 a5 18.a3 Bg6 19.Rfc1 Qe6 20.b4 axb4 21.axb4 b5 22.Ne2 Bxd3
23.Nf4 Qd6 24.Nxd3 Nd7 25.Qc2 Ra6 26.Rb3 Rea8 27.Rc3 Ra2 28.Qd1 R8a6 29.h4 R2a3
30.Rxa3 Rxa3 31.Ra1 Rxa1 32.Qxa1 Nf8 33.Qa8 h5 34.Qe8 g6 35.Nc5 Kg7 36.g3 Kg8
37.Kh1 Kg7 38.Kg2 Kg8 39.Kf3 Kg7 40.Ke2 Kg8 41.Kd1 Kg7 42.Kc2 Kg8 43.Kd3 Kg7
44.Kc3 Kg8 45.e4 Kg7 46.e5 fxe5 47.dxe5 d4+ 48.Kd2 Qd5 49.e6 Qa2+ 50.Ke1 Qb1+
51.Ke2 d3+ 52.Kf3 Qh1+ 53.Ke3 Qe1+ 54.Kxd3 Qd1+ 55.Ke3 Qe1+ 56.Kf3 Qh1+ 57.Ke2  1-0

[Event "6th HZ Open"]
[Site "Vlissingen NED"]
[Date "2002.08.06"]
[Round "4"]
[White "Gurevich,M"]
[Black "Leenhouts,K"]
[Result "1-0"]
[WhiteElo "2649"]
[BlackElo "2222"]

1.c4 Nf6 2.g3 e6 3.Bg2 d5 4.Nf3 Be7 5.O-O O-O 6.b3 c6 7.Bb2 Nbd7 8.d3 b6
9.e4 Bb7 10.e5 Ne8 11.cxd5 cxd5 12.d4 Ba6 13.Re1 Rc8 14.Na3 g6 15.Nc2 Ng7
16.Qd2 Rc7 17.Rac1 Qb8 18.Nb4 Rxc1 19.Rxc1 Bb7 20.Nc6 Bxc6 21.Rxc6 Rc8 22.Qc1 Rxc6
23.Qxc6 Nf8 24.Bf1 Qe8 25.Qb7 Qd7 26.Qb8 h6 27.Bc1 Kh7 28.Bd2 Ba3 29.Bd3 Qe7
30.Kg2 Nf5 31.Qa8 Bb2 32.Bxf5 gxf5 33.Qc8 Kg7 34.b4 a5 35.Qc2  1-0

[Event "6th HZ Open"]
[Site "Vlissingen NED"]
[Date "2002.08.07"]
[Round "5"]
[White "Kasparov,S"]
[Black "Gurevich,M"]
[Result "0-1"]
[WhiteElo "2457"]
[BlackElo "2649"]

1.e4 e6 2.d4 d5 3.exd5 exd5 4.Bd3 Nc6 5.c3 Bd6 6.Nf3 Bg4 7.O-O Nge7 8.Bg5 f6
9.Bh4 Bf4 10.Bg3 Qd6 11.Na3 g5 12.Nc2 h5 13.Bxf4 gxf4 14.Be2 O-O-O 15.Qd2 Rdg8
16.Kh1 Nf5 17.Nce1 Nd8 18.Nd3 Ne6 19.Rae1 b6 20.Ng1 Nh4 21.g3 Ng6 22.Bf3 Ng5
23.Bxg4+ hxg4 24.Nxf4 Ne4 25.Rxe4 dxe4 26.Nge2 Ne5 27.Qe3 Nf3 28.h4 gxh3
29.Qxe4 Nd2 30.Qf5+ Qd7 31.Qxd7+ Kxd7 32.Rd1 Ne4 33.Nd3 Re8 34.Nef4 Ng5 35.Nd5 Rh6
36.N3f4 Ne4 37.Nd3 Rh5 38.N5f4 Rh7 39.a4 a5 40.Kh2 Ng5 41.Nd5 Nf3+ 42.Kh1 Rh6
43.Ne3 Kc8 44.Nf4 Ng5 45.Ng4 Ne4 46.Kh2 Rhh8 47.Nd3 Reg8 48.Ne3 Kb7 49.Nd5 Rd8
50.N5f4 Ng5 51.Ng6 Rh7 52.Nh4 Re7 53.Nf4 Rde8 54.Rd2 Re1 55.Rc2 Ra1 56.Nxh3 Ree1
57.Kg2 Rh1 58.Nxg5 fxg5 59.Nf5 g4 60.f4 Rag1+ 61.Kf2 Rh2+ 62.Kxg1 Rxc2 63.Ne3 Rxb2
64.f5 Re2 65.Nxg4 b5 66.f6 Re8 67.Ne5 bxa4 68.Nc4 Rf8 69.Nxa5+ Ka6 70.Nc4 Rxf6  0-1

[Event "Saraybahce GP"]
[Site "Kocaeli TUR"]
[Date "2002.08.18"]
[Round "2"]
[White "Gurevich,M"]
[Black "Yasin,H"]
[Result "1-0"]
[WhiteElo "2649"]
[BlackElo "2205"]

1.d4 d5 2.c4 e6 3.Nc3 c5 4.cxd5 exd5 5.Nf3 Nc6 6.g3 Nf6 7.Bg2 Be7 8.O-O c4
9.Ne5 O-O 10.Nxc6 bxc6 11.b3 cxb3 12.axb3 Re8 13.Ba3 Bg4 14.Qd2 Bxa3 15.Rxa3 Qe7
16.Ra2 Qb4 17.e3 Reb8 18.Rb1 Bf5 19.Rbb2 Ne8 20.Ra4 Qd6 21.Ra5 Nc7 22.Na4 Rb5
23.Nc5 a6 24.Bf1 Rb6 25.Rba2 Bc8 26.Bd3 Rab8 27.Ra1 g6 28.Qe2 Qf6 29.Bc2 h5
30.f3 Rb5 31.R5a2 R5b6 32.Qf2 Kg7 33.Bd1 Rb5 34.Rc1 R5b6 35.Rac2 Bf5 36.e4 dxe4
37.fxe4 Bh3 38.Qxf6+ Kxf6 39.Na4 Rb4 40.Rxc6+ Ne6 41.d5 Rxe4 42.dxe6 Re1+
43.Kf2 Rf1+ 44.Ke3 fxe6 45.Nc5 Kg7 46.Nxa6 Rb5 47.Nc5 Rb8 48.Nd3 Rh1 49.R6c2 Kh6
50.Rd2 Bf5 51.Bc2 Rxc1 52.Nxc1 Rc8 53.Bxf5 gxf5 54.Nd3 Rc3 55.Rb2  1-0

[Event "Saraybahce GP"]
[Site "Kocaeli TUR"]
[Date "2002.08.20"]
[Round "4"]
[White "Gurevich,M"]
[Black "Gelashvili,T"]
[Result "1-0"]
[WhiteElo "2649"]
[BlackElo "2551"]

1.c4 c5 2.g3 g6 3.Bg2 Bg7 4.Nc3 Nc6 5.a3 d6 6.Rb1 a5 7.e3 e5 8.Nge2 Nge7
9.d3 O-O 10.O-O Rb8 11.Bd2 Be6 12.Qb3 f5 13.f4 Bf7 14.Nd5 Nxd5 15.cxd5 b5
16.Qc2 Ne7 17.e4 c4 18.dxc4 Rc8 19.b3 Qb6+ 20.Kh1 bxc4 21.bxc4 Qc5 22.Rfc1 exf4
23.Bxf4 Rfe8 24.Qd3 fxe4 25.Bxe4 Nf5 26.g4 Rxe4 27.Qxe4 Re8 28.Qd3 Nh4 29.Bg5 Qf2
30.Bxh4 Qxh4 31.Qf3 Be5 32.Ng3 Rf8 33.Rf1 Qh3 34.Rf2 Kh8 35.Rbf1 Qh4 36.Qg2 Kg7
37.Nh5+ gxh5 38.gxh5+ Kh6 39.Rxf7 Rxf7 40.Rxf7 Qd4 41.Qc2 Qe3 42.Qxh7+ Kg5
43.Qf5+  1-0

[Event "Exhibition"]
[Site "Izmir TUR"]
[Date "2002.08.30"]
[Round "1"]
[White "Yildiz,B"]
[Black "Gurevich,M"]
[Result "0-1"]
[WhiteElo "2108"]
[BlackElo "2649"]

1.d4 d6 2.e4 Nf6 3.Nc3 g6 4.Nf3 Bg7 5.Be3 a6 6.Qd2 b5 7.a3 Bb7 8.Bd3 Ng4
9.Bg5 h6 10.Bh4 c5 11.dxc5 dxc5 12.O-O-O Nc6 13.Be2 Qxd2+ 14.Nxd2 g5 15.Bxg4 gxh4
16.Nd5 O-O 17.Bd7 Ne5 18.Nxe7+ Kh8 19.Bf5 c4 20.f4 Rae8 21.Nd5 Ng6 22.Bxg6 fxg6
23.g3 g5 24.Rhf1 hxg3 25.hxg3 Kg8 26.Rde1 gxf4 27.gxf4 Bxd5 28.exd5 Rxe1+
29.Rxe1 Rxf4 30.Ne4 Rf5 31.d6 Rd5 32.Rg1 Kf7 33.c3 Be5 34.Rf1+ Ke6 35.Re1 Kf5
36.Nd2 Bf4  0-1

[Event "Exhibition"]
[Site "Izmir TUR"]
[Date "2002.09.02"]
[Round "1"]
[White "Gurevich,M"]
[Black "Atakisi,U"]
[Result "1-0"]
[WhiteElo "2649"]
[BlackElo "2361"]

1.c4 e5 2.Nc3 Nf6 3.Nf3 Nc6 4.a3 d5 5.cxd5 Nxd5 6.Qc2 Be7 7.e3 a6 8.Nxd5 Qxd5
9.Bc4 Qd6 10.b4 O-O 11.Bb2 Be6 12.O-O Bxc4 13.Qxc4 Rad8 14.Rfd1 Bf6 15.e4 Qd3
16.Rac1 Qxc4 17.Rxc4 Rd3 18.Kf1 Rfd8 19.Rc3 Rxc3 20.Bxc3 Kf8 21.Ke2 Ke7 22.Rc1 Ke6
23.Bb2 Be7 24.Rc4 f6 25.d3 Rd7 26.Nd2 a5 27.b5 Na7 28.a4 Nc8 29.Rc2 Nb6 30.Nc4 Nxa4
31.Nxa5 Nxb2 32.Rxb2 Rd4 33.Nxb7 Ra4 34.Rc2 Rb4 35.Rc6+ Kd7 36.Nc5+ Bxc5
37.Rxc5 Kd6 38.Rd5+ Ke6 39.Ke3 Rb3 40.g3 g5 41.Rc5  1-0